Egy vállalkozás belső ellenőrzési rendjének komplex értékelése és továbbfejlesztési lehetőségei

Bibliographic Details
Main Author: Jónás Darinka
Other Authors: Bán Dr. Erika
Format: Final Paper
Kulcsszavak:Belső ellenörzés
Magyar Közút
Belső kontrollrendszer
Online Access:http://dolgozattar.uni-bge.hu/16993

MARC

LEADER 00000nta a2200000 i 4500
001 dolg16993
005 20180516093449.0
008 180516suuuu hu o 000 hun d
040 |a BGE Dolgozattár Repozitórium  |b hun 
041 |a hu 
100 1 |a Jónás Darinka 
245 1 0 |a Egy vállalkozás belső ellenőrzési rendjének komplex értékelése és továbbfejlesztési lehetőségei  |c Jónás Darinka  |h [elektronikus dokumentum] 
246 1 1 |a Egy vállalkozás belső ellenőrzési rendjének komplex értékelése és továbbfejlesztési lehetőségei 
516 |a Final_paper 
695 |a Belső ellenörzés 
695 |a Magyar Közút 
695 |a Belső kontrollrendszer 
700 1 |a Bán Dr. Erika  |e ths 
856 4 0 |u http://dolgozattar.uni-bge.hu/16993/1/Szakdolgozat-KCT5GC.pdf  |z Dokumentum-elérés 
856 4 0 |u http://dolgozattar.uni-bge.hu/16993/3/Nyilatkozat.pdf  |z Dokumentum-elérés 
856 4 0 |u http://dolgozattar.uni-bge.hu/16993/4/Titkos%C3%ADt%C3%A1si%20k%C3%A9relem.pdf  |z Dokumentum-elérés